Trovadores y cortes de amor /
Guardado en:
| Autor Principal: | |
|---|---|
| Formato: | Libro |
| Publicado: |
Buenos Aires :
Eudeba,
1960
|
| Edición: | 2a. ed. |
| Series: | Lectores de Eudeba
|
| Materias: | |
| Etiquetas: |
Agregar Etiqueta
Sin Etiquetas, Sea el primero en etiquetar este registro!
|
| LEADER | 01071nam a22002535a 4500 | ||
|---|---|---|---|
| 001 | CEM.cems009675 | ||
| 005 | 20080723100014.0 | ||
| 008 | 130507s1960##################000#0#####d | ||
| 003 | CEMS | ||
| 082 | 0 | 4 | |a 392.6 |
| 100 | 1 | |a Lafitte Houssat, Jacques | |
| 245 | 1 | 0 | |a Trovadores y cortes de amor / |c Jacques Lafitte-houssat |
| 250 | |a 2a. ed. | ||
| 260 | |a Buenos Aires : |b Eudeba, |c 1960 | ||
| 300 | |a 119 p. | ||
| 490 | 0 | |a Lectores de Eudeba | |
| 505 | 0 | |a Condición de la mujer en la Edad Media -- La leyenda de los Tribunales de Amor -- El arte de amar / André Le Chapelain -- El código de amor -- Las cortes de amor -- La poesía amorosa de los trovadores -- El amor en las novelas de Chrestein de Troyes -- El amor cortés: sus caracteres | |
| 653 | |a Amor cortesano | ||
| 653 | |a Edad media | ||
| 653 | |a Edad media-trovadores | ||
| 653 | |a Trovadores | ||
| 859 | |a CEMS |b BIB. CEMS - 11 de abril |h 392.6 |i L182a2 |p 4840.76 |t Ej.1 | ||
| 859 | |a CEMS |b BIB. CEMS - 11 de abril |h 392.6 |i L182a2 |p 4841.76 |t Ej.2 | ||
| 859 | |a CEMS |b BIB. CEMS - 11 de abril |h 392.6 |i L182a2 |p 5153.76 |t Ej.3 | ||
